00499nam a2200145Ia 4500008004100000020001800041082001700059100003100076245004800107260003000155300001100185650004900196952009100245999001700336120622s9999 xx 000 0 und d a968-429-387-9 a863.83 A366u aAlegría, Fernando, 1918- aUna especie de memoria / Fernando Alegría aMéxico : Nueva Imágen a198 p. a1. NOVELA CHILENA \ 2. LITERATURA CHILENAÌ 00104070a01b01d2007-01-25l0o863.83 A366Up01 003581r2012-06-24w2012-06-24yLB c54389d54389